Abdelwahab Elmessiri's Islamic humanism (Record no. 507924)

000 -LEADER
fixed length control field 00373nam a2200145 4500
008 - FIXED-LENGTH DATA ELEMENTS--GENERAL INFORMATION
fixed length control field 190301b ||||| |||| 00| 0 eng d
100 ## - MAIN ENTRY--PERSONAL NAME
Personal name Ali, Haggag
245 ## - TITLE STATEMENT
Title Abdelwahab Elmessiri's Islamic humanism
260 ## - PUBLICATION, DISTRIBUTION, ETC. (IMPRINT)
Date of publication, distribution, etc 2018
300 ## - PHYSICAL DESCRIPTION
Extent p.568-576.
650 ## - SUBJECT ADDED ENTRY--TOPICAL TERM
Topical term or geographic name as entry element Humanism
9 (RLIN) 2787
773 ## - HOST ITEM ENTRY
Main entry heading International Sociology Reviews
906 ## - LOCAL DATA ELEMENT F, LDF (RLIN)
Subject DIP Islam
942 ## - ADDED ENTRY ELEMENTS (KOHA)
Source of classification or shelving scheme
Item type Articles
Holdings
Withdrawn status Lost status Source of classification or shelving scheme Damaged status Not for loan Permanent location Current location Date acquired Serial Enumeration / chronology Barcode Date last seen Koha item type
          Indian Institute of Public Administration Indian Institute of Public Administration 2019-03-01 33(5), Sep, 2018: p.568-576. AR119084 2019-03-01 Articles

Powered by Koha